| 000 | 00890nam a22002297a 4500 | ||
|---|---|---|---|
| 999 |
_c8458 _d8458 |
||
| 003 | AR-CdUCM | ||
| 008 | 190325b ||||| |||| 00| 0 spa d | ||
| 040 |
_aMUNICIPALIDAD PROVINCIAL DEL CUSCO _cBIBLIOTECA MUNICIPAL DEL CUSCO |
||
| 082 |
_a658 / _bM46 |
||
| 100 |
_aMayorga Gutiérrez, David _910406 |
||
| 245 | _aCasos sobre la mercadotecnia estratégica de la empresa peruana / | ||
| 260 |
_aLima : _bUniversidad del pacífico, _c1997. |
||
| 300 |
_a175 páginas ; _c21 cm. |
||
| 440 |
_aApuntes de estudio _n29 _923725 |
||
| 505 | _aContenido : Caso : sistema privado de pensiones: AFP pro destino -- Caso : Electrodomesticos garza -- Caso : Los teléfonos celulares:Empresa tele siglo XXI ... | ||
| 650 |
_aMercadeo _922280 |
||
| 650 |
_aEstrategia empresarial _923726 |
||
| 650 |
_aEmpresas _95583 |
||
| 700 |
_aAraujo, Patricia _923727 |
||
| 942 |
_2ddc _cLIBROS |
||
| 945 | _arah | ||